সুলতানী শাসনামলে বাংলার অর্থ ব্যবস্হা (১৩৩৮-১৫৩৮ খ্রী.) : (Record no. 77840)
[ view plain ]
| 000 -LEADER | |
|---|---|
| fixed length control field | 01745nam a2200265 a 4500 |
| 001 - CONTROL NUMBER | |
| control field | 77840 |
| 003 - CONTROL NUMBER IDENTIFIER | |
| rucl marc code | BD-RjUL |
| 005 - DATE AND TIME OF LATEST TRANSACTION | |
| control field | 20211209083038.0 |
| 008 - FIXED-LENGTH DATA ELEMENTS--GENERAL INFORMATION | |
| fixed length control field | 210127s2007 bg a|||| m||| 00| 0 ben d |
| 035 ## - SYSTEM CONTROL NUMBER | |
| System control number | (BD-RjUL)78066 |
| 040 ## - CATALOGING SOURCE | |
| Original cataloging agency | BD-RjUL |
| Language of cataloging | ben /eng |
| Transcribing agency | BD-RjUL |
| Modifying agency | BD-RjUL |
| 041 ## - LANGUAGE CODE | |
| Language code of text/sound track or separate title | ben |
| 082 ## - DEWEY DECIMAL CLASSIFICATION NUMBER | |
| Classification number | 330.95414 |
| Author mark and year | HAS 2007 |
| Edition number | 23 |
| 100 ## - MAIN ENTRY--PERSONAL NAME | |
| Personal name | হারুন- অর-রশিদ, মো. |
| 9 (RLIN) | 243991 |
| 245 10 - TITLE STATEMENT | |
| Title | সুলতানী শাসনামলে বাংলার অর্থ ব্যবস্হা (১৩৩৮-১৫৩৮ খ্রী.) : |
| Remainder of title | একটি পর্যালোচনা / |
| Statement of responsibility, etc. | মো. হারুন- অর-রশিদ ; |
| Linkage | তত্ত্বাবধায়ক : সুলতান আহমদ |
| 260 ## - PUBLICATION, DISTRIBUTION, ETC. (IMPRINT) | |
| Place of publication, distribution, etc. | রাজশাহী : |
| Name of publisher, distributor, etc. | ইসলামের ইতিহাস ও সংস্কৃতি বিভাগ, রাজশাহী বিশ্ববিদ্যালয়, |
| Date of publication, distribution, etc. | ২০০৭ |
| 300 ## - PHYSICAL DESCRIPTION | |
| Pagination | [৫], iii, ২৪৫ পাতা : |
| Illustrations | চিএ ; |
| Size | ২৯ সেমি. |
| 502 ## - DISSERTATION NOTE | |
| Dissertation note | থিসিস ( পিএইচ. ডি. ) -- ইসলামের ইতিহাস ও সংস্কৃতি বিভাগ, রাজশাহী বিশ্ববিদ্যালয়, ২০০৭ |
| 504 ## - BIBLIOGRAPHY, ETC. NOTE | |
| Bibliography, etc | নির্বাচিত গ্রন্থপঞ্জি : পাতা [২১৩]-২২৯ |
| 600 ## - SUBJECT ADDED ENTRY--PERSONAL NAME | |
| Dates associated with a name | . |
| 651 ## - SUBJECT ADDED ENTRY--GEOGRAPHIC NAME | |
| Geographic name | ভারত |
| Geographic subdivision | বঙ্গ |
| General subdivision | অর্থনৈতিক পরিস্থিতি |
| Chronological subdivision | ১৩৩৮-১৫৩৮ খ্রী. |
| 9 (RLIN) | 244153 |
| Geographic name | India |
| Geographic subdivision | Bengal |
| General subdivision | Economic conditions |
| Chronological subdivision | 1338-1538 A.D. |
| 9 (RLIN) | 244154 |
| 700 ## - ADDED ENTRY--PERSONAL NAME | |
| Personal name | আহমদ, সুলতান, তত্ত্বাবধায়ক |
| 942 ## - ADDED ENTRY ELEMENTS (KOHA) | |
| Source of classification or shelving scheme | Dewey Decimal Classification |
| Koha item type | Theses |
| Lost status | Source of classification or shelving scheme | Damaged status | Not for loan | Collection code | Permanent Location | Current Location | Shelving location | Date acquired | Source of acquisition | Total Checkouts | Full call number | Date last seen | Copy number | Koha item type |
|---|---|---|---|---|---|---|---|---|---|---|---|---|---|---|
| Dewey Decimal Classification | Not For Loan | Theses | Central Library, University of Rajshahi | Central Library, University of Rajshahi | Documentation Section | 21/04/2008 | Controller of Exam., R.U | BTHE 330.95414 HAS 2007 | 27/01/2021 | C-1 | Theses |